000 00536nam a2200193Ia 4500
003 GCL
008 140319s9999 xx 000 0 ara d
040 _aGCL /
_cGCL
082 0 4 _a135.4
_bو خ
100 1 _aولسون ، كولن
245 1 0 _aخفايا الحياة /
_cولسون ، كولن
700 1 _aمجاهد عبدالمنعم مجاهد
300 _a335 ص
490 _aكتاب
_v0
650 0 4 _aالغيبيات
650 0 4 _aالروحانيات
650 0 4 _aعلم النفس الشعبى
942 _2ddc
_cBK
999 _c41949
_d41949